| 000 | 00488nam a2200157 a 4500 | ||
|---|---|---|---|
| 001 | 000020783 | ||
| 005 | 20200930011147.0 | ||
| 008 | 100817s2016 dr 000 0 spa d | ||
| 040 |
_aDO-SdBNP _bspa _cBNPHU |
||
| 082 |
_axxxxxxx _bxxxxxxx |
||
| 100 | 1 |
_aMartínez, Mamerto _943515 |
|
| 245 | 1 | 0 |
_aComo el ave fénix Betsabé / _cMamerto Martínez ; edición José Medina. |
| 260 |
_a[Santo Domingo] : _b[s.f.], _c[2016]. |
||
| 300 |
_a77 p. ; _c21 cm. |
||
| 700 | 1 |
_aMedina, José, _eed. _943557 |
|
| 999 |
_c20287 _d20287 |
||